[Event "Lima Morales Memorial op 3rd"]
[Site "Lima"]
[Date "2013.??.??"]
[Round "5"]
[White "Soria, Ricardo"]
[Black "Cruz, Andres Antonio"]
[Result "1-0"]
[WhiteElo "2124"]
[BlackElo "1948"]
[PlyCount "115"]
[EventDate "2013.02.02"]
[EventType "swiss"]
[EventRounds "11"]
[EventCountry "PER"]
[SourceTitle "CBM 153 Extra"]
[Source "ChessBase"]
[SourceDate "2013.04.22"]
[SourceVersion "1"]
[SourceVersionDate "2013.04.22"]
[SourceQuality "1"]

1. e4 Nc6 2. d4 d5 3. e5 Bf5 4. h4 Qd7 5. Bb5 f6 6. Nf3 Be4 7. Nc3 0-0-0 8. Bxc6 Qxc6 9. Nd2 fxe5 10. Ndxe4 dxe4 11. Qg4+ Qd7 12. Qxd7+ Rxd7 13. dxe5 Rd4 14. Be3 Rc4 15. 0-0-0 e6 16. Rd4 Rxd4 17. Bxd4 Ne7 18. Nxe4 Nc6 19. Bc3 Be7 20. h5 Rf8 21. g3 Rf3 22. Kd2 b5 23. Ke2 Rf5 24. f4 b4 25. Bd2 Rf8 26. Be3 Re8 27. Rd1 g6 28. hxg6 hxg6 29. Rh1 g5 30. Rh6 gxf4 31. gxf4 Rf8 32. Nf2 Kd7 33. Nd3 Rg8 34. Kf3 Rg7 35. Rh8 a5 36. b3 Rf7 37. Ke4 Rg7 38. f5 exf5+ 39. Kxf5 Rf7+ 40. Ke4 Rg7 41. Kd5 Nd8 42. e6+ Kc8 43. Ne5 Kb7 44. Rh6 Bd6 45. Nc4 Nc6 46. Nxd6+ cxd6 47. Kxd6 Ne7 48. Rf6 Nc8+ 49. Ke5 Kc6 50. Rf7 Rg3 51. Bf4 Rg2 52. Kf6 Nd6 53. Bxd6 Kxd6 54. Rd7+ Kc6 55. Rd8 Rf2+ 56. Ke7 Re2 57. Rc8+ Kb7 58. Rc4 1-0

[Event "Coria del Rio op 13th"]
[Site "Coria del Rio"]
[Date "2007.02.26"]
[Round "6"]
[White "Soria, Ricardo"]
[Black "Carretero Ortiz, Francisco"]
[Result "0-1"]
[WhiteElo "2139"]
[BlackElo "2223"]
[PlyCount "56"]
[EventDate "2007.02.20"]
[EventType "swiss"]
[EventRounds "9"]
[EventCountry "ESP"]
[SourceTitle "CBM 117 Extra"]
[Source "ChessBase"]
[SourceDate "2007.05.09"]
[SourceVersion "1"]
[SourceVersionDate "2007.05.09"]
[SourceQuality "1"]

1. e4 d5 2. exd5 Nf6 3. d4 Nxd5 4. c4 Nb6 5. Nc3 e5 6. dxe5 Qxd1+ 7. Kxd1 Nc6 8. Nb5 Bg4+ 9. f3 0-0-0+ 10. Ke2 Bf5 11. Bg5 f6 12. exf6 Bd3+ 13. Kf2 Bc5+ 14. Kg3 gxf6 15. Bxd3 Rxd3 16. Bf4 Rg8+ 17. Kh3 Nxc4 18. Rc1 Rd5 19. g4 N4e5 20. Ne2 Nd3 21. Nxc7 Rd7 22. Ne6 Nxc1 23. Rxc1 Bd6 24. Nc5 Bxc5 25. Rxc5 Rd3 26. Kg3 Rgd8 27. Nc3 Re8 28. Rb5 Rd7 0-1

[Event "Coria del Rio op 13th"]
[Site "Coria del Rio"]
[Date "2007.02.23"]
[Round "3"]
[White "Justiniano Marquez, Marco Antonio"]
[Black "Soria, Ricardo"]
[Result "0-1"]
[WhiteElo "2160"]
[BlackElo "2139"]
[PlyCount "116"]
[EventDate "2007.02.20"]
[EventType "swiss"]
[EventRounds "9"]
[EventCountry "ESP"]
[SourceTitle "CBM 117 Extra"]
[Source "ChessBase"]
[SourceDate "2007.05.09"]
[SourceVersion "1"]
[SourceVersionDate "2007.05.09"]
[SourceQuality "1"]

1. d4 Nf6 2. Nf3 c5 3. dxc5 e6 4. e3 Bxc5 5. c4 0-0 6. a3 a5 7. Nc3 Nc6 8. Qc2 b6 9. Bd3 d5 10. 0-0 dxc4 11. Bxc4 Qe7 12. b3 Bb7 13. Bb2 Bd6 14. Nb5 Bb8 15. Rfd1 Rc8 16. h3 Na7 17. Qe2 Nxb5 18. Bxb5 Bd5 19. Rac1 Rxc1 20. Rxc1 Bd6 21. a4 Bxb3 22. Nd2 Bd5 23. e4 Ba3 24. Bxa3 Qxa3 25. Qe1 Nxe4 26. Nxe4 Bxe4 27. Rc3 Qb4 28. Qc1 Qb1 29. Qxb1 Bxb1 30. Rc7 Be4 31. Rd7 g5 32. Rd6 Rb8 33. f3 Bd5 34. Kf2 Kf8 35. Kg3 Ke7 36. Rd7+ Kf6 37. h4 h6 38. hxg5+ hxg5 39. Kg4 Rh8 40. Rd6 Rb8 41. Rd7 Kg6 42. Kg3 f5 43. Kf2 Kf6 44. Rc7 Rd8 45. g3 f4 46. g4 e5 47. Rh7 Bf7 48. Rh6+ Bg6 49. Ke2 Kg7 50. Rh1 e4 51. fxe4 Bxe4 52. Rh5 Kg6 53. Rh3 Rc8 54. Rb3 Kf6 55. Bd7 Rb8 56. Rc3 Ke5 57. Rb3 Kd4 58. Rb5 Bd3+ 0-1

[Event "Coria del Rio op 13th"]
[Site "Coria del Rio"]
[Date "2007.02.22"]
[Round "2"]
[White "Soria, Ricardo"]
[Black "Fernandez, Jose Ramon"]
[Result "1-0"]
[WhiteElo "2139"]
[BlackElo "1953"]
[PlyCount "59"]
[EventDate "2007.02.20"]
[EventType "swiss"]
[EventRounds "9"]
[EventCountry "ESP"]
[SourceTitle "CBM 117 Extra"]
[Source "ChessBase"]
[SourceDate "2007.05.09"]
[SourceVersion "1"]
[SourceVersionDate "2007.05.09"]
[SourceQuality "1"]

1. e4 e6 2. d4 d5 3. Nd2 Nf6 4. e5 Nfd7 5. Bd3 c5 6. c3 Nc6 7. Ne2 Qb6 8. Nf3 cxd4 9. cxd4 Bb4+ 10. Kf1 Be7 11. g3 Nb4 12. Bb1 f6 13. a3 Nc6 14. Nf4 Na5 15. Kg2 0-0 16. Ng5 fxg5 17. Qh5 Rf5 18. Bxf5 exf5 19. Qe8+ Bf8 20. e6 gxf4 21. Bxf4 Ne5 22. e7 Ng6 23. exf8Q+ Nxf8 24. Rhe1 Nc6 25. Bd6 Qd8 26. Bxf8 Qxe8 27. Rxe8 Kf7 28. Rae1 b6 29. Bd6 Bb7 30. R8e7+ 1-0